Responses for Show #6637 - Tuesday, June 25, 2013

Andrew Moore game 7.

Contestants

[<< previous game]

John Simpson, an advertising creative director from Providence, Rhode Island

Padraic Scanlan, a Ph.D. student in history originally from Montreal, Quebec, Canada

Andrew Moore, a test prep instructor from Buford, Georgia (whose 6-day cash winnings total $137,803)

[next game >>]

Jeopardy! Round responses

KICKING AROUND FOR A WHILE
WORLD'S FAIRS
EXTREME GEOGRAPHY
MYSTERY MEAT
(Alex: We want you to name the meat traditionally used in each dish we tell you about.)
ENDS IN DOUBLE L
WASHINGTON MATH
    $200 14
soccer style

Andrew
    $200 26
the Bastille

Andrew
    $200 30
Portugal

Padraic
    $200 29
chicken

Padraic
    $200 28
you misspell it

Padraic
    $200 27
two (100 divided by 50)

Andrew
    $400 13
the New England Patriots

Andrew
    $400 25
IMAX

Padraic
    $400 23
American Samoa

Andrew
    $400 21
beef

Padraic
    $400 15
a drumroll

Padraic
    $400 24
ninety (10 times 9)

Andrew
    $600 6
punter

Padraic
    $600 17
the Louisiana Purchase

Andrew
    $600 22
(Andrew: What is Lake Ontario?)

Lake Erie

AndrewPadraic
    $600 2
(Padraic: What is pork?)

veal

AndrewPadraic
    $600 16
a nutshell

Andrew
    $600 18
(Andrew: What is nine?)
(John: What is four?)

one (1 times 1)

AndrewJohn
Triple Stumper
    $800 4
the Cleveland Browns

Andrew
    $800 12
a reaper

Andrew
    $800 8
(Andrew: What is Boston?)

Augusta(, Maine)

AndrewJohn
    $800 11
pork

Andrew
    $800 1
Goodwill

Andrew
    $3,000 19
eleven (44 divided by 4)

Andrew
    $1000 5
The Great Dane

Andrew
    $1000 3
(Buckminster) Fuller

Andrew
    $1000 7
Russia

Triple Stumper
    $1000 10
rabbit

Padraic
    $1000 9
a standstill

Andrew
    $1000 20
zero (2 minus 2)

John

Scores at the first commercial break (after clue 15):

Andrew Padraic John
$6,600 $1,400 $800

Scores at the end of the Jeopardy! Round:

Andrew Padraic John
$10,800 $3,400 $1,200

Double Jeopardy! Round responses

DIARIES & JOURNALS
GOT A LITTLE CATEGORY HERE
AMERICAN HISTORY
CAPE TOWN LADIES
SING THAT SONG
"DOO-" "-DAH"
(Alex: Some of the correct responses will begin with "doo-", others will end in "-dah", but you'll never have "doo-" "-dah" together.)
    $400 30
Lewis & Clark

Padraic
    $400 29
a thumbnail

Andrew
    $400 23
Watergate

John
    $400 28
Queen Victoria

Padraic
    $400 1
Mumford & Sons

Padraic
    $400 26
doodles

Andrew
    $800 27
Samuel Pepys

Padraic
    $800 20
hummingbird

Andrew
    $800 22
(Andrew: What is the St. Lawrence?)
(Padraic: What is the Ohio?)

the Mississippi

AndrewPadraic
Triple Stumper
    $800 25
Charlize Theron

Padraic
    $800 3
The Jackson 5

Andrew
    $800 24
doo-wop

Andrew
    $8,000 18
Captain Cook

Padraic
    $1200 14
a micron

Andrew
    $8,000 21
Sacco & Vanzetti

Andrew
    $1200 19
(Andrew: What is Namibia?)

Mozambique

AndrewPadraic
    $1200 15
"Sunday Bloody Sunday"

Andrew
    $1200 17
(Andrew: What is the...)

the Haggadah

AndrewPadraic
    $1600 10
(Andrew: Who is, uh, Earhart?)

Anne Morrow Lindbergh

Andrew
Triple Stumper
    $1600 9
South Carolina

Andrew
    $1600 7
Seneca Falls

Andrew
    $1600 2
Shirley Temple

John
    $1600 6
"My Heart Will Go On"

Andrew
    $1600 13
Mount Doom

Padraic
    $2000 12
Arthur Schlesinger

Padraic
    $2000 8
DNA

John
    $2000 4
Nat Turner

Andrew
    $2000 5
(John: Who is Pinter?)

Athol Fugard

John
Triple Stumper
    $2000 11
"We Are Never Ever Getting Back Together"

Padraic
    $2000 16
Judah

John

Scores at the end of the Double Jeopardy! Round:

Andrew Padraic John
$26,400 $21,400 $5,200

[wagering suggestions for these scores]

Final Jeopardy! Round responses

PLANTS
(Alex: [Before revealing the responses] It's economically the most important because this plant family includes things like wheat, rice and corn.)
...
(Alex: But we'll see Andrew in our Tournament of Champions, won't we?)
JohnWhat is grain?
$5,199
PadraicWhat is Rice?
$10,000
AndrewWhat is corn?
$16,401
the grass family

Final scores:

Andrew Padraic John
$9,999 $11,400 $1
2nd place: $2,000 New champion: $11,400 3rd place: $1,000

Game dynamics:

Coryat scores:

Andrew Padraic John
$17,400 $14,600 $5,200
29 R
(including 2 DDs),
7 W
20 R
(including 1 DD),
2 W
6 R,
2 W

Combined Coryat: $37,200

[game clues] [game scores] [suggest correction]

Game tape date: 2013-02-13
The J! Archive is created by fans, for fans. Scraping, republication, monetization, and malicious use prohibited; this site may use cookies and collect identifying information. See terms. The Jeopardy! game show and all elements thereof, including but not limited to copyright and trademark thereto, are the property of Jeopardy Productions, Inc. and are protected under law. This website is not affiliated with, sponsored by, or operated by Jeopardy Productions, Inc. Join the discussion at JBoard.tv.